[Event "RUS-ch Silent (Women)"]
[Site "Zelenograd"]
[Date "2009.09.15"]
[Round "5"]
[White "Golovan, Nadezhda"]
[Black "Kozyreva, Olga"]
[Result "1-0"]
[WhiteElo "1970"]
[BlackElo "2053"]
[PlyCount "40"]
[EventDate "2009.09.11"]
[EventType "swiss"]
[EventRounds "9"]
[EventCountry "RUS"]
[SourceTitle "EXT 2023"]
[Source "ChessBase"]
[SourceDate "2022.10.05"]
[SourceVersion "1"]
[SourceVersionDate "2022.10.05"]
[SourceQuality "1"]

1. e4 d6 2. d4 Nf6 3. Nc3 g6 4. Nf3 Bg7 5. Be2 0-0 6. 0-0 Nbd7 7. Bg5 e5 8. dxe5 dxe5 9. Nd5 c6 10. Nxf6+ Bxf6 11. Qd2 Bxg5 12. Nxg5 Nb6 13. Qe3 h6 14. Nf3 Kg7 15. Nxe5 Qf6 16. f4 g5 17. Qg3 Re8 18. b3 Qe7 19. Bh5 Be6 20. f5 Bxb3 1-0

[Event "Wch Silent blind "]
[Site "St Gallen"]
[Date "2008.07.21"]
[Round "2"]
[White "Chojnowski, Marcin"]
[Black "Golovan, Nadezhda"]
[Result "1-0"]
[WhiteElo "2171"]
[BlackElo "1980"]
[PlyCount "43"]
[EventDate "2008.07.04"]
[EventType "tourn"]
[EventRounds "7"]
[EventCountry "SUI"]
[SourceTitle "EXT 2009"]
[Source "ChessBase"]
[SourceDate "2008.11.26"]
[SourceVersion "1"]
[SourceVersionDate "2008.11.26"]
[SourceQuality "1"]

1. e4 e5 2. Nf3 Nc6 3. Bb5 a6 4. Bxc6 dxc6 5. 0-0 Bg4 6. h3 Bxf3 7. Qxf3 Nf6 8. d3 Be7 9. Qg3 Qd6 10. Nd2 Nh5 11. Qg4 Qg6 12. Qxg6 hxg6 13. Nc4 Bf6 14. g3 0-0 15. Kg2 Rfe8 16. Be3 Bd8 17. f4 exf4 18. gxf4 Bh4 19. Ne5 Re7 20. Rf3 Nf6 21. Bc5 Ree8 22. Ng4 1-0

[Event "Moscow-E"]
[Site "Moscow"]
[Date "2007.02.24"]
[Round "4"]
[White "Golovan, Nadezhda"]
[Black "Malyuga, Valentin"]
[Result "0-1"]
[WhiteElo "2074"]
[BlackElo "2256"]
[PlyCount "54"]
[EventDate "2007.02.21"]
[EventType "tourn"]
[EventRounds "10"]
[EventCountry "RUS"]
[SourceTitle "EXT 2010"]
[Source "ChessBase"]
[SourceDate "2010.11.25"]
[SourceVersion "1"]
[SourceVersionDate "2010.11.25"]
[SourceQuality "1"]

1. e4 c5 2. Nf3 d6 3. d4 cxd4 4. Nxd4 Nf6 5. Nc3 a6 6. Be2 e6 7. 0-0 Be7 8. f4 Qc7 9. Kh1 0-0 10. a4 Nc6 11. Be3 Bd7 12. Qe1 Rfe8 13. Qg3 Bf8 14. Rad1 Rac8 15. Bg1 d5 16. exd5 exd5 17. Bf3 Nb4 18. Rd2 Ne4 19. Bxe4 dxe4 20. Rfd1 Rcd8 21. b3 e3 22. Rd3 Nxd3 23. Rxd3 Bg4 24. Qxg4 Rxd4 25. Rxd4 Qxc3 26. Rd3 Qxd3 27. cxd3 e2 0-1

[Event "Moscow-C"]
[Site "Moscow"]
[Date "2007.02.08"]
[Round "8"]
[White "Golovan, Nadezhda"]
[Black "Gerasimova, Olga"]
[Result "0-1"]
[WhiteElo "2074"]
[BlackElo "2189"]
[PlyCount "54"]
[EventDate "2007.02.01"]
[EventType "tourn"]
[EventRounds "10"]
[EventCountry "RUS"]
[SourceTitle "EXT 2010"]
[Source "ChessBase"]
[SourceDate "2010.11.25"]
[SourceVersion "1"]
[SourceVersionDate "2010.11.25"]
[SourceQuality "1"]

1. e4 c5 2. Nf3 e6 3. d4 cxd4 4. Nxd4 Nf6 5. Nd2 d5 6. Bb5+ Bd7 7. exd5 Nxd5 8. 0-0 Be7 9. c4 Bxb5 10. Nxb5 Nf6 11. Nf3 Nc6 12. Bf4 0-0 13. a3 a6 14. Nc3 Qb6 15. b4 Rad8 16. Qe2 Nh5 17. Be3 Qc7 18. h3 Bf6 19. Rac1 Nf4 20. Qc2 Ne5 21. Bxf4 Nxf3+ 22. gxf3 Qxf4 23. Kg2 Be5 24. Rfd1 Qh2+ 25. Kf1 Bd4 26. Ne4 f5 27. Nc5 Qxh3+ 0-1

[Event "Moscow-C"]
[Site "Moscow"]
[Date "2007.02.05"]
[Round "5"]
[White "Golovan, Nadezhda"]
[Black "Beliakov, Alexander"]
[Result "0-1"]
[WhiteElo "2074"]
[BlackElo "2219"]
[PlyCount "42"]
[EventDate "2007.02.01"]
[EventType "tourn"]
[EventRounds "10"]
[EventCountry "RUS"]
[SourceTitle "EXT 2010"]
[Source "ChessBase"]
[SourceDate "2010.11.25"]
[SourceVersion "1"]
[SourceVersionDate "2010.11.25"]
[SourceQuality "1"]

1. e4 e6 2. d4 d5 3. e5 c5 4. c3 Qb6 5. Nf3 Nc6 6. Be2 cxd4 7. cxd4 Nh6 8. Bxh6 Qxb2 9. Be3 Qxa1 10. Qb3 Bb4+ 11. Kf1 a5 12. Kg1 Bd7 13. Bd3 a4 14. Qc2 Be7 15. Be2 Nb4 16. Qc1 Qxa2 17. Nbd2 Rc8 18. Qf1 Qb2 19. g3 a3 20. Kg2 a2 21. Qa1 Qa3 0-1

[Event "Moscow-C"]
[Site "Moscow"]
[Date "2007.02.02"]
[Round "2"]
[White "Golovan, Nadezhda"]
[Black "Chesnokov, Veniamin"]
[Result "1/2-1/2"]
[WhiteElo "2074"]
[BlackElo "1961"]
[PlyCount "38"]
[EventDate "2007.02.01"]
[EventType "tourn"]
[EventRounds "10"]
[EventCountry "RUS"]
[SourceTitle "EXT 2010"]
[Source "ChessBase"]
[SourceDate "2010.11.25"]
[SourceVersion "1"]
[SourceVersionDate "2010.11.25"]
[SourceQuality "1"]

1. d4 f5 2. g3 Nf6 3. Bg2 g6 4. Nh3 Bg7 5. c4 e6 6. Nc3 d6 7. 0-0 0-0 8. d5 e5 9. e4 Na6 10. f4 Nxe4 11. Nxe4 fxe4 12. Ng5 exf4 13. Bxf4 Bxb2 14. Rb1 Be5 15. Qd2 Bxf4 16. Rxf4 Nc5 17. Rxf8+ Qxf8 18. Nxe4 Nxe4 19. Bxe4 Bh3 1/2-1/2

[Event "Moscow Silent Winter-B"]
[Site "Moscow"]
[Date "2006.12.03"]
[Round "1"]
[White "Golovan, Nadezhda"]
[Black "Gerasimov, Aleksander"]
[Result "0-1"]
[WhiteElo "2074"]
[BlackElo "2274"]
[PlyCount "34"]
[EventDate "2006.12.03"]
[EventType "tourn"]
[EventRounds "10"]
[EventCountry "RUS"]
[SourceTitle "EXT 2019"]
[Source "ChessBase"]
[SourceDate "2018.10.10"]
[SourceVersion "1"]
[SourceVersionDate "2018.10.10"]
[SourceQuality "1"]

1. Nf3 Nf6 2. d4 c5 3. d5 e6 4. Nc3 b5 5. Bg5 b4 6. Nb5 a6 7. Bxf6 gxf6 8. dxe6 axb5 9. exf7+ Ke7 10. Qd5 Qc7 11. Qe4+ Kxf7 12. Rd1 Bb7 13. Rd5 Ra6 14. e3 Re6 15. Qf5 Bxd5 16. Qxd5 Qb6 17. Be2 Kg7 0-1